banner koha

Produtos florestais não madeireiros e valor potencial de exploração sustentável da floresta atlântica no sul de Santa Catarina (Registro n. 86410)

MARC details
000 -LÍDER
fixed length control field 03069nab a2200265 i 4500
003 - CÓDIGO MARC DA AGÊNCIA CATALOGADORA
Campo de controle BR-BrBNA
005 - DATA E HORA DA ÚLTIMA ATUALIZAÇÃO
Campo de controle 20231005144744.0
008 - CAMPO DE TAMANHO FIXO
fixed length control field 231005b2016 bl.qr|pooa||| 00| 0 por |
040 ## - FONTE DA CATALOGAÇÃO
Agência catalogadora BR-BrBNA
Idioma da catalogação por
072 ## - CATEGORIA AGRIS
Código AGRIS K50
100 ## - ENTRADA PRINCIPAL - NOME PESSOAL
Nome pessoal Elias, Guilherme Alves
100 ## - ENTRADA PRINCIPAL - NOME PESSOAL
Nome pessoal Santos, Robson dos
245 ## - TÍTULO PRINCIPAL
Título principal Produtos florestais não madeireiros e valor potencial de exploração sustentável da floresta atlântica no sul de Santa Catarina
500 ## - NOTA GERAL
Nota geral Publicação on-line; 37 ref.; 2 tables; Summaries (En, Pt)
942 ## - ADDED ENTRY ELEMENTS (KOHA)
Koha item type
520 ## - NOTA DE RESUMO
Nota de conteúdo <br/><br/>RESUMO<br/>Este estudo indicou os produtos florestais não madeireiros (PFNM) associados a espécies arbóreas dos<br/>remanescentes de Floresta Ombrófila Densa estudados no Sul de Santa Catarina. As espécies analisadas<br/>foram hierarquizadas com base na análise de valor potencial de exploração sustentável (VPES) dos PFNM,<br/>integrando-se às seguintes informações obtidas a partir de revisão bibliográfica: densidade, parte usada,<br/>capacidade de regeneração natural e crescimento, conhecimento sobre biologia reprodutiva e dinâmica<br/>populacional, processamento requerido e nível de injúria ou toxicidade. Os resultados obtidos evidenciam ser<br/>possível a conservação e desenvolvimento regional, a partir de alternativas sustentáveis de uso dos recursos<br/>florestais. Das 79 espécies observadas, 38 atingiram VPES igual ou superior a 10, sendo consideradas de<br/>elevado potencial de exploração sustentável de PFNM.<br/><br/>Palavras-chave: Floresta Ombrófila Densa; biodiversidade; VPES; recursos naturais.
520 ## - NOTA DE RESUMO
Nota de conteúdo <br/><br/>ABSTRACT<br/>This study indicated the non-timber forest products (NTFPs) associated with tree species of the remnants<br/>of Tropical Rain Forest studied in southern Santa Catarina. The species examined were ranked according<br/>to their potential value for sustainable exploitation (PVSE) of NTFP, applying the following information<br/>obtained from literature review: density, parts used, capacity for natural regeneration and growth, knowledge<br/>about reproductive biology and population dynamic, required processing and level of injury or toxicity. The<br/>results show possible conservation and regional development, from alternative sustainable use of forest<br/>resources. Of the 79 species observed, 38 reached PVSE equal or higher than 10, being considered of high<br/>potential for sustainable exploitation of NTFP.<br/><br/>Keywords: Dense Ombrophilous Forest; biodiversity; PVSE; natural resources.<br/>
650 ## - ASSUNTO - THESAGRO
Cabeçalho tópico ou nome geográfico FLORESTA
650 ## - ASSUNTO - THESAGRO
Cabeçalho tópico ou nome geográfico BIODIVERSIDADE
650 ## - ASSUNTO - THESAGRO
Cabeçalho tópico ou nome geográfico RECURSO NATURAL
650 ## - ASSUNTO - THESAGRO
Cabeçalho tópico ou nome geográfico PRODUTO FLORESTAL
773 0# - ENTRADA ANALÍTICA
Host Biblionumber 4065
Registro do item 102038
Imprenta Santa Maria-RS Universidade Federal de Santa Maria - Centro de Pesquisas Florestais.Departamento de Ciências Florestais. Programa de Pós-Graduação em Engenharia Florestal 1991
Outro identificador 2023-436444
Título Ciência Florestal (Brazil)
ISSN 0103-9954; 1980-5098 (on-line)
Colação v. 26(1) p. 249-262; (Jan-Mar 2016)
Número de controle de registro BR2023001171
856 ## - ACESSO E ENDEREÇO ELETRÔNICO
Identificador uniforme de recurso - URI https://www.scielo.br/j/cflo/a/FdpVzctsYKRzSj7pm8FVCts/?format=pdf&lang=pt

Nenhum exemplar disponível.

BINAGRI

Telefone: (61)3218-2567/2388/3357/2097 - binagri@agro.gov.br

Ministério da Agricultura e Pecuária , Esplanada dos Ministérios, Bloco D, Anexo B, Brasília/DF, CEP: 70.043-900